| 000 | 00599nam a2200193 a 4500 | ||
|---|---|---|---|
| 005 | 20220526063924.0 | ||
| 008 | 991125c1971 mx 000 0 spa u | ||
| 035 | _aUPN01000005794 | ||
| 049 | _aLT | ||
| 050 | 4 |
_aLB1651 M6.1 _bR6.2 |
|
| 100 | 1 | _aRodríguez, Amancio | |
| 245 | 1 | 0 |
_aBiología : _bprimero / _cAmancio Rodríguez, Benigno Suárez, Gustavo Salles. |
| 260 |
_aMéxico : _bProgreso, _c1971. |
||
| 300 |
_a239 p. : _bil. col. |
||
| 650 | 4 |
_aBiología _xEstudio y enseñanza (Secundaria) _94532 |
|
| 700 | 1 |
_aSuárez, Benigno, _ecoaut. |
|
| 700 | 1 |
_aSalles, Gustavo, _ecoaut. |
|
| 905 | _aLibro | ||
| 999 |
_c5794 _d5794 |
||